000 00760nam a2200253Ia 4500
003 OSt
005 20220923222811.0
006 a|||||r|||| 00| 0
007 ta
008 220922b |||||||| |||| 00| 0 hin d
024 _a208,136
037 _cTextual
040 _aARTS
_cARTS
_bhin
041 _2hin
_ahin
082 _aO152,3N263,NR, M9
100 _aशरद, ओंकार
245 0 _aनाता रिशता
246 _aNātā rishatā
260 _aइलाहाबाद
_b अनुज पब्लि0
_c1989
300 _a176पृ.
_ccm.
650 _aहिन्दी साहित्य
_9156264
942 _hO152,3N263,NR, M9
_cTEXL
_2CC
999 _c358732
_d358732